Music Quiz

Random Music or Cast Quiz
Score 0/18 Timer 10:00
0 Plays Today
Hint Answer % Correct
Ariel
96.3%
King Triton
74.1%
Flounder
70.4%
Prince Eric
70.4%
Aquata
55.6%
Arista
55.6%
Adella
55.6%
Alana
55.6%
Scuttle
55.6%
Hint Answer % Correct
Attina
51.9%
Ursula
51.9%
Andrina
48.1%
Chef Louis
44.4%
Flotsam
44.4%
Jetsam
44.4%
Sebastien
37%
Captain
29.6%
Carolotta
25.9%
Remove Ads.
Support Sporcle.
Get the best of Sporcle when you Go Orange. This ad-free experience offers more features, more stats, and more fun while also helping to support Sporcle. Thank you for becoming a member.

You're not logged in!

Compare scores with friends on all Sporcle quizzes.
OR
Log In

Show Comments

Extras

Top Quizzes Today


Score Distribution

Your Account Isn't Verified!

In order to create a playlist on Sporcle, you need to verify the email address you used during registration. Go to your Sporcle Settings to finish the process.

Report this User

Report this user for behavior that violates our Community Guidelines.

Details: